०६६ दिशा : फेब्रुवारी २००३ (Record no. 827614)

MARC details
000 -LEADER
fixed length control field 01484nam a22001817a 4500
003 - CONTROL NUMBER IDENTIFIER
control field OSt
005 - DATE AND TIME OF LATEST TRANSACTION
control field 20120303100152.0
008 - FIXED-LENGTH DATA ELEMENTS--GENERAL INFORMATION
fixed length control field 110124t xxu||||| |||| 00| 0 eng d
040 ## - CATALOGING SOURCE
Transcribing agency VPM, Thane
100 ## - MAIN ENTRY--PERSONAL NAME
Personal name पाठक, मोहन
9 (RLIN) 191
245 ## - TITLE STATEMENT
Title ०६६ दिशा : फेब्रुवारी २००३
260 ## - PUBLICATION, DISTRIBUTION, ETC. (IMPRINT)
Place of publication, distribution, etc ठाणे
Name of publisher, distributor, etc विद्या प्रसारक मंडळ
Date of publication, distribution, etc २००३
300 ## - PHYSICAL DESCRIPTION
Extent ४०
520 ## - SUMMARY, ETC.
Summary, etc पाठक, मोहन; मठ, शंकर बा.; अरदकर, प्र. द.; पाटील, प्रीती; नारखेडे, प्राजक्‍ता; पाटील, पूजा; लावंडा, प्राजक्‍ता; भिडे, आशा; फाटक, वैशाली; वालावलकर, विद्याधर; प्रधान, वरद; रानडे, अमेय
600 ## - SUBJECT ADDED ENTRY--PERSONAL NAME
Personal name पाठक, मोहन; मठ, शंकर बा.; अरदकर, प्र. द.; पाटील, प्रीती; नारखेडे, प्राजक्‍ता; पाटील, पूजा; लावंडा, प्राजक्‍ता; भिडे, आशा; फाटक, वैशाली; वालावलकर, विद्याधर; प्रधान, वरद; रानडे, अमेय
9 (RLIN) 192
856 ## - ELECTRONIC LOCATION AND ACCESS
Uniform Resource Identifier <a href="http://dspace.vpmthane.org:8080/jspui/bitstream/123456789/634/1/066dishaFeb2003.pdf">http://dspace.vpmthane.org:8080/jspui/bitstream/123456789/634/1/066dishaFeb2003.pdf</a>
942 ## - ADDED ENTRY ELEMENTS (KOHA)
Source of classification or shelving scheme Dewey Decimal Classification
Koha item type E-Journal
Holdings
Withdrawn status Lost status Source of classification or shelving scheme Damaged status Not for loan Home library Current library Date acquired Total Checkouts Barcode Date last seen Uniform Resource Identifier Price effective from Koha item type
    Dewey Decimal Classification     VPM Digital Repository VPM Digital Repository 01/24/2011   VPMDIGI-JN66 01/24/2011 http://dspace.vpmthane.org:8080/jspui/bitstream/123456789/634/1/066dishaFeb2003.pdf 01/24/2011 E-Journal